| 000 | 00000nam 2200000za 4500 |
| 001 | 9.837770 |
| 003 | CaOODSP |
| 005 | 20221107151223 |
| 007 | cr ||||||||||| |
| 008 | 170606s19821984onc #os f00| 0 eng d |
| 040 | |aCaOODSP|beng |
| 041 | |aeng|afre |
| 043 | |an-cn--- |
| 086 | 1 |aCS92-904/1981-PDF |
| 086 | 1 |aCS92-933/1981-PDF |
| 086 | 1 |aCS92-934/1981-PDF |
| 245 | 00|a1981 Census of Canada |h[electronic resource] : |bvolume 1 - national series : private households = Recensement du Canada de 1981 : volume 1 - série nationale : ménages privés. |
| 246 | 11|aRecensement du Canada de 1981 : |bvolume 1 - série nationale : ménages privés |
| 246 | 30|aPrivate households |
| 260 | |aOttawa : |bStatistics Canada = Statistique Canada, |c1982-1984. |
| 300 | |a3 v. |
| 500 | |aDigitized edition from print [produced by Statistics Canada]. |
| 500 | |aChiefly tables. |
| 500 | |aCover title. |
| 505 | 0 |a92-904. Type, number of persons, composition -- 92-933. Selected characteristics -- 92-934. Income. |
| 546 | |aText in English and French. |
| 692 | 07|2gccst|aCensus |
| 692 | 07|2gccst|aHousing |
| 692 | 07|2gccst|aFamily |
| 710 | 2 |aStatistics Canada. |
| 792 | |t1981 Census of Canada |efre|w(CaOODSP)9.837774 |
| 856 | 40|qPDF|s2.36 MB|uhttps://publications.gc.ca/collections/collection_2017/statcan/CS92-904-1981.pdf|zType, number of persons, composition |
| 856 | 40|qPDF|s6.74 MB|uhttps://publications.gc.ca/collections/collection_2017/statcan/CS92-933-1981.pdf|zSelected characteristics |
| 856 | 40|qPDF|s2.23 MB|uhttps://publications.gc.ca/collections/collection_2017/statcan/CS92-934-1981.pdf|zIncome |